000 00993nam a2200277 i 4500
001 000020923
003 DO-SdBNP
005 20260305073956.0
007 ta
008 100824s1998 dr 000 0 spa d
040 _aDO-SdBNP
_bspa
_cBNPHU
_erda
049 _aBNPD
082 4 _bN964c
_222
100 1 _aNúñez Collado, Agripino
_d1933-2022
_eautor
_98457
245 1 3 _aLa cultura del diálogo y la concertación en República Dominicana 1985-1998 /
_cAgripino Núñez Collado ; presentación, Leonel Fernández.
250 _a2a ed.
264 _aSanto Domingo :
_bPontificia Universidad Católica Madre y Maestra,
_c1998.
300 _a447 páginas ;
_c23 cm.
336 _2rdaconntent
_atexto
_btxt
337 _2rdamedia
_asin mediación
_bn
338 _2rdacarrier
_avolumen
_bnc
500 _aIncluye datos biográficos del autor en la solapa de la cubierta
590 _aInventariado, 2024/BT
700 1 _aFernández, Leonel,
_d1953-
_epresentación
_97291
942 _2ddc
_cLBS1
999 _c20426
_d20426